000 00482nam a2200181Ia 4500
005 20250508150847.0
008 008 250505s9999 xx 000 0 eng d
037 _aTextual
040 _aFEDL
_beng
_cFEDL
041 _aeng
_2eng
084 _a501, CON
_qFEDL
100 _aConant James B
245 0 _aScience and common sense
260 _aNew Haven
_bYale University Press
_c1951
300 _axii,371p
942 _cTEXL
_h501, CON
999 _c1326148
_d1326148